000 00476nam a22001817a 4500
003 CEME
005 20210628205816.0
008 210317b xxu||||| |||| 00| 0 eng d
020 _a969-0-00112-4
040 _c.
082 _a923.25491 ALL
100 _aAllana, G
_93790
245 _aQuaid-e-azam jinnah the story of a nation
260 _aLAHORE
_bFEROZE SONS
_c1988
300 _a537P
650 _aBIOGRAPHY-QUAID AZAM PAKISTAN-BIRTH STORY
_977098
942 _cBK
_2ddc
999 _c582422
_d582422